| 000 | 00960nam a22002177a 4500 | ||
|---|---|---|---|
| 999 |
_c958 _d958 |
||
| 003 | AR-CdUCM | ||
| 008 | 190226b ||||| |||| 00| 0 spa d | ||
| 040 |
_aMUNICIPALIDAD PROVINCIAL DEL CUSCO _cBIBLIOTECA MUNICIPAL DEL CUSCO |
||
| 082 |
_21ra. ed. _a320 / _bA93 |
||
| 100 |
_aOlaya, Jose Luis _93717 |
||
| 245 |
_aPolitica Cultural y Politica para la Cultura / _cOlaya, Jose Luis |
||
| 260 |
_aPerĂº : _bJose Luis Olaya , _c1992. |
||
| 300 |
_a77 paginas. _c20.5 cm. |
||
| 505 | _aLa Problematica de la Identidad Cultural -- Sintesis de Planteamientos -- La Politica Cultural teniendo en cuenta nuestra identidad nacional -- Politica Cultural para la Pacificacion -- Pluralismo Cultural -- Descentralizacion en los servicios culturales... | ||
| 650 |
_aPolitica Cultural. _93718 |
||
| 650 |
_aInvestigacion Social. _93719 |
||
| 650 |
_aDescentralizacion Peruana. _93720 |
||
| 700 |
_aOlaya, Jose Luis _93717 |
||
| 942 |
_2ddc _cLIBROS |
||
| 945 |
_artm _d2019-02-26 |
||